Development of educational system in india (Record no. 1939)

MARC details
000 -LEADER
fixed length control field 00527cam a2200193ua 4500
008 - FIXED-LENGTH DATA ELEMENTS--GENERAL INFORMATION
fixed length control field 110804n ii |||gr||||Z||||||eng
040 ## - CATALOGING SOURCE
Transcribing agency MAIN
082 ## - DEWEY DECIMAL CLASSIFICATION NUMBER
Classification number 370.54
100 ## - MAIN ENTRY--PERSONAL NAME
Personal name Bhatnagar, Suresh ,
Relator term
245 1# - TITLE STATEMENT
Title Development of educational system in india
Statement of responsibility, etc. by Suresh Bhatnagar
250 ## - EDITION STATEMENT
Edition statement 1st.
260 ## - PUBLICATION, DISTRIBUTION, ETC.
Place of publication, distribution, etc. Meerut:
Name of publisher, distributor, etc. R Lal book Depot,
Date of publication, distribution, etc. 2008.
300 ## - PHYSICAL DESCRIPTION
Extent 764p:
Dimensions 25cm.
700 ## - ADDED ENTRY--PERSONAL NAME
Personal name Mullick, Madhu,
942 ## - ADDED ENTRY ELEMENTS (KOHA)
Koha item type Books
653 ## - INDEX TERM--UNCONTROLLED
Uncontrolled term Education
653 ## - INDEX TERM--UNCONTROLLED
Uncontrolled term Development of educational system in india
Holdings
Withdrawn status Lost status Damaged status Not for loan Home library Current library Shelving location Date acquired Total Checkouts Full call number Barcode Date last seen Date last checked out Copy number Price effective from Koha item type
        Naharkatiya College Library Naharkatiya College Library General Stacks 19/09/2020 4 370.54 | BHA 18371 15/03/2024 19/01/2024 3 19/09/2020 Books
        Naharkatiya College Library Naharkatiya College Library General Stacks 19/09/2020 4 370.54 | BHA 18372 28/06/2025 10/04/2025 1 19/09/2020 Books
        Naharkatiya College Library Naharkatiya College Library General Stacks 19/09/2020 4 370.54 | BHA 18373 31/07/2021 31/07/2021 2 19/09/2020 Books

Naharkatiya College © 2020. All rights reserved.

Powered By